DS『鉄道ゼミナール -大手私鉄編-』のミニトレに実装されている車両形式 - Statistics

General Stats
  • This quiz has been taken 18 times
  • The average score is 66 of 96
Answer Stats
Answer % Correct
3000系
100%
3000系(2代)
100%
10000系
94%
10000系
94%
10000系
94%
10000系
94%
5000系
94%
5000系(初代)
94%
旧5000系
94%
旧5000系
94%
5000系(2代)
94%
5000系(2代目)
94%
6000系
94%
6000系
94%
6000系
94%
6000系(2代)
94%
7000系
94%
7000系
94%
7000系
94%
7000系
94%
7000系
94%
7000系(2代)
94%
8000系(未修繕車)
94%
8000系
94%
8000系
94%
8000系
94%
8000系
94%
8000系(2代)
94%
9000系
94%
9000系
94%
9000系
94%
9000系
94%
9000系
94%
9000系
94%
9000系
94%
100系
88%
1000系
88%
1000系
88%
1000系(2代)
88%
100系(新京阪鉄道P-6形)
88%
2000系
88%
1000形(初代)
82%
新1000形
82%
1000形(鉄道)
82%
200系
82%
2000形
76%
2000形
76%
3000形
76%
3000形(2代)
76%
3000形(2代)
76%
3000形SE
76%
4000系
76%
4000系
76%
8000形
76%
30000系
71%
30000系
71%
5000形(初代)
71%
8500系
71%
50000形
65%
50000系
65%
7000形
65%
800形(2代)
65%
01系
59%
05系
59%
3700形
59%
4000形(2代)
59%
600形(鉄道、2代)
59%
800系(2代)
59%
2100形
53%
2200系
53%
3300形
53%
3600形
47%
5500系
47%
60000形
47%
AE形
47%
AE100形
47%
3700系(2代)
41%
7200系
41%
9300系
41%
21000系
35%
2300系
35%
2300系
35%
営団300形
35%
5800系
29%
6300系
29%
1700系
18%
1720系
18%
301系
18%
21020系
12%
230形
12%
9020系
12%
20000型
6%
26000系
6%
5001形(2代)
6%
50090型
6%
3011形
0%
No matching quizzes found
Score Distribution
Percent of People with Each Score
Percentile by Number Answered
Your Score History
You have not taken this quiz